| 000 | 00924nam a2200253 a 4500 | ||
|---|---|---|---|
| 003 | DO-SdBNP | ||
| 005 | 20221107141919.0 | ||
| 007 | ta | ||
| 008 | 221107e2015 dr |||er|||| 001 pdspa d | ||
| 020 | _a9789945418316 | ||
| 040 |
_aDO-SdBNP _bspa _cBNPHU |
||
| 082 | 4 |
_222 _bL579e |
|
| 100 | 1 |
_976923 _aLeón Silverio, Oscar de, _d1953- |
|
| 245 | 1 | 0 |
_aEsta muerte es fuego que quema. / _cOscar de León Silverio; Editor, Ramón Antonio Jiménez |
| 260 |
_aSan Francisco de Macorís, República Dominicana: _bAteneo Insular Internacional, _c2015 |
||
| 300 |
_a235 p. ; _c23 cm. |
||
| 500 | _aIncluye bibliografía del aurtor en las solapas de las cubiertas | ||
| 590 | _aInventariado 2022 / MF | ||
| 650 | 4 |
_924595 _aPoesía Religiosa _zRepública Dominicana |
|
| 650 | 0 |
_919469 _aMetafísica _vLiteratura _zRepública Dominicana |
|
| 700 | 1 |
_912301 _aJiménez, Ramón Antonio _eed. |
|
| 910 | _aMFeliz | ||
| 942 |
_2ddc _cLBS1 |
||
| 999 |
_c52821 _d52821 |
||